000 00527nam a22001457a 4500
003 macl
005 20171230144551.0
008 171230b xxu||||| |||| 00| 0 eng d
040 _cmacl
100 _aदुष्टि द विजन
_969878
245 _aआई. ए. एस. प्रिलिम्‍स सॉल्‍व्‍ड पेपर्स
260 _aदिल्‍ली
_bदुष्टि पब्किेशन
_c2017
650 _aसामान्‍य ज्ञान
_9328
942 _2ddc
_cHIN
999 _c57263
_d57263